00445nam a2200181Ia 4500008004100000020001800041050001600059100001700075245002300092245002000115260001500135260001600150260000900166300001600175300002000191300001000211300004200221170918s9999 xx 000 0 und d a9789810792411 bL833no 2014 aLoh, Pauline aNot in the stars / cby Pauline Loh. aNew York : bScholastic, c2014 a120 pages : billustrations : c19cm. eScholastic Asian book award finalist.